India, a modern history

Gespeichert in:
Bibliographische Detailangaben
1. Verfasser: Percival Spear
Format: Buch
Sprache:Undetermined
Veröffentlicht: Ann Arbor University of Michigan Press 1961
Schlagworte:
Tags: Tag hinzufügen
Keine Tags, Fügen Sie den ersten Tag hinzu!
Thư viện lưu trữ: Trung tâm Học liệu Trường Đại học Cần Thơ
LEADER 00491nam a2200193Ia 4500
001 CTU_90768
008 210402s9999 xx 000 0 und d
082 |a 954 
082 |b N527 
100 |a Percival Spear 
245 0 |a India, a modern history 
245 0 |c Percival Spear 
260 |a Ann Arbor 
260 |b University of Michigan Press 
260 |c 1961 
650 |a indian 
650 |x history 
904 |i Nguyên 
980 |a Trung tâm Học liệu Trường Đại học Cần Thơ